Quantity of employment in destination management organizations
Otázky zamestnanosti vo vybraných európskych organizáciách destinačného manažmentu. Rozdiely v zamestnanosti v jednotlivých typoch organizácií destinačného manažmentu. Súvislosť medzi veľkosťou organizácie a počtom zamestnancov ako aj rozpočtom organizácie a počtom pracovných miest.
Salvato in:
| Autore principale: | |
|---|---|
| Natura: | Capitolo di libro |
| Lingua: | inglese |
| Soggetti: | |
| Tags: |
Nessun Tag, puoi essere il primo ad aggiungerne!!
|
MARC
| LEADER | 00000naa a2200000 4500 | ||
|---|---|---|---|
| 001 | 0178554 | ||
| 005 | 20231016074549.7 | ||
| 041 | 0 | |a eng | |
| 044 | |a SK | ||
| 245 | 1 | 0 | |a Quantity of employment in destination management organizations |c Jacek Borzyszkowski |
| 520 | |a Otázky zamestnanosti vo vybraných európskych organizáciách destinačného manažmentu. Rozdiely v zamestnanosti v jednotlivých typoch organizácií destinačného manažmentu. Súvislosť medzi veľkosťou organizácie a počtom zamestnancov ako aj rozpočtom organizácie a počtom pracovných miest. | ||
| 610 | 2 | 0 | |a ruch cestovný |
| 610 | 2 | 0 | |a manažment destinačný |
| 610 | 2 | 0 | |a organizácie |
| 610 | 2 | 0 | |a zamestnanosť |
| 610 | 2 | 0 | |a rozpočty |
| 610 | 2 | 0 | |a financie |
| 100 | 1 | |a Borzyszkowski, Jacek | |